Normal view
MARC view
- Customs Administration
Entry Topical Term
001 - CONTROL NUMBER
- control field: 4279
003 - CONTROL NUMBER IDENTIFIER
- control field: OSt
005 - DATE AND TIME OF LATEST TRANSACTION
- control field: 20170515110533.0
008 - FIXED-LENGTH DATA ELEMENTS
- fixed length control field: 170515|| aca||aabn | a|a d
040 ## - CATALOGING SOURCE
- Original cataloging agency: OSt
- Transcribing agency: OSt
150 ## - HEADING--TOPICAL TERM
- Topical term or geographic name entry element: Customs Administration
- General subdivision: Law and legislation
- Geographic subdivision: Malaysia
670 ## - SOURCE DATA FOUND
- Source citation: Work cat.: (OSt): Malaysia Kastam Diraja Malaysia 2857, Akta Kastam: Perintah Duti Kastam( Barang-barang Di Bawah Perjanjian Perkongsian Ekonomi Komprehensif Antara Negeri-negeri Anggota ASEAN Dengan Jepun) 2008 [P.U. (A) 476/2008] , 2008.

PORTAL AKMAL
E-MEL JKDM
AKMAL2U
G-BAM
u-PUSTAKA